Comentario bíblico "San Jerónimo" / (Record no. 36892)

MARC details
000 -LEADER
campo de control de longitud fija 01277nam a2200301 i 4500
001 - NÚMERO DE CONTROL
campo de control 36892
003 - IDENTIFICADOR DE NÚMERO DE CONTROL
campo de control ES-MaACL
005 - FECHA Y HORA DE LA ÚLTIMA TRANSACCIÓN
campo de control 20251015063050.0
007 - CAMPO FIJO DE DESCRIPCIÓN FÍSICA--INFORMACIÓN GENERAL
campo de control de longitud fija t|
008 - DATOS DE LONGITUD FIJA--INFORMACIÓN GENERAL
campo de control de longitud fija 030219s19711971sp bf |||| | spa d
080 ## - NÚMERO DE LA CLASIFICACIÓN DECIMAL UNIVERSAL
Número de la Clasificación Decimal Universal 27-273
100 1# - ENTRADA PRINCIPAL--NOMBRE DE PERSONA
Nombre de persona Brown, Raymond,
Fechas asociadas al nombre 1928-
9 (RLIN) 157150
245 10 - MENCIÓN DEL TÍTULO
Título Comentario bíblico "San Jerónimo" /
Mención de responsabilidad, etc. dirigido por Raymond E. Brown, Joseph A. Fitzmyer, Roland E. Murphy ; [traductor y supervisor de la edición española, Alfonso de la Fuente Adánez].
260 ## - PUBLICACIÓN, DISTRIBUCIÓN, ETC.
Lugar de publicación, distribución, etc. Madrid :
Nombre del editor, distribuidor, etc. Cristiandad,
Fecha de publicación, distribución, etc. [1971]
300 ## - DESCRIPCIÓN FÍSICA
Extensión 5 v. :
Otras características físicas mapas col., map. col. pleg. ;
Dimensiones 24 cm.
500 ## - NOTA GENERAL
Nota general Índices ; Índice analítico: v. 5.
504 ## - NOTA DE BIBLIOGRAFÍA, ETC.
Nota de bibliografía, etc. Bibliografía: p. [863-864]: v. 5.
505 8# - NOTA DE CONTENIDO CON FORMATO
Nota de contenido con formato Contiene: T. I-II ;
Título Antiguo Testamento, 1-2 /
Mención de responsabilidad [presentación, Agustín Bea, Cardenal (t. I)] - T. III-IV. --
Título Nuevo Testamento, 1-2 - T. V ;
-- Estudios sistemáticos
555 ## - NOTA DE ÍNDICE ACUMULATIVO U OTROS INSTRUMENTOS BIBLIOGRÁFICOS
Nota de índice acumulativo u otros instrumentos bibliográficos Índice general: v. 1.
599 ## - NOTA A LAS ILUSTRACIONES
NOTA A LAS ILUSTRACIONES Mapas col. en guardas.
630 #0 - PUNTO DE ACCESO ADICIONAL DE MATERIA--TÍTULO UNIFORME
Título uniforme Biblia-
Subdivisión de forma Comentarios.
9 (RLIN) 119238
700 1# - ENTRADA AGREGADA--NOMBRE PERSONAL
Nombre de persona Fitzmyer, Joseph A.
9 (RLIN) 51076
700 1# - ENTRADA AGREGADA--NOMBRE PERSONAL
Nombre de persona Murphy, Roland E.
9 (RLIN) 84626
700 1# - ENTRADA AGREGADA--NOMBRE PERSONAL
Nombre de persona Fuente Adánez, Alfonso de la.
9 (RLIN) 52860
700 1# - ENTRADA AGREGADA--NOMBRE PERSONAL
Nombre de persona Bea, Agostino
Títulos y otros términos asociados al nombre , Cardinale.
9 (RLIN) 26763
852 ## - LOCALIZACIÓN
Ubicación ES-MaACL
Número de control de estantería E-15672-76
Nota libre - enc. tela
Holdings
Estatus retirado Estado de pérdida Estado de daño No para préstamo Biblioteca de origen Biblioteca actual Ubicación en estantería Fecha de adquisición Fuente de adquisición Total de préstamos Signatura topográfica completa Código de barras Visto por última vez Precio de reemplazo Tipo de ítem Koha
        Biblioteca del Ateneo de Madrid Biblioteca del Ateneo de Madrid Depósito 2 17/01/2008     E-15672-76 1038797 23/02/2023 23/02/2023 Libro impreso